000 00231nam a22000977a 4500
999 _c8098
_d8099
008 190708b ||||| |||| 00| 0 eng d
245 _aThe Qur`an
260 _bAlmuntada alislam,
_c2009.
300 _avii, 694 p.
_c14 cm.
942 _2ddc